00319nam a2200109Ia 4500008004100000082001700041100001200058245001900070942000600089952009900095999001500194240331s9999 xx 000 0 und d a302.234bKUM aKumar,A 0aAkira kurosawa cL 001040708LaWERCLbWERCLcSSCd2024-03-31l0o 302.234 KUMp1183r2024-03-31w2024-03-31yL c1275d1275